banner-ar

POWER SYSTEM SIMULATION / (Record no. 15977)

MARC details
000 -الفاتح
حقل البيانات ثابتة الطول 00585nam a2200229Ia 4500
008 - عناصر البيانات ثابتة الطول - معلومات عامة
حقل البيانات ثابتة الطول 140319s9999 xx 000 0 eng d
040 ## - مصدر الفهرسة
وكالة الفهرسة الأصلية GCL /
وكالة النسخ GCL
082 04 - رقم تصنيف ديوى العشرى
رقم التصنيف 537.61
رقم المادة B P
100 1# - المدخل الرئيسى - إسم شخصى
الإسم الشخصى BARRET, J.P
245 10 - بيان العنوان
العنوان POWER SYSTEM SIMULATION /
بيان المسئوليه,etc BARRET, J.P
700 1# - المدخل الاضافى - اسم شخصى
الإسم الشخصى BERNARD, P.
700 1# - المدخل الاضافى - اسم شخصى
الإسم الشخصى MEYER, B
260 ## - PUBLICATION, DISTRIBUTION, ETC. (IMPRINT)
تاريخ النشر أو التوزيع 1997
300 ## - الوصف المادى
التعداد 288 P
650 04 - المدخل الاضافى بالموضوع-مصطلح موضوعى
مصطلح موضوعي MATHEMATICAL OPTIMIZATION
650 04 - المدخل الاضافى بالموضوع-مصطلح موضوعى
مصطلح موضوعي زياد بن ابيه
650 04 - المدخل الاضافى بالموضوع-مصطلح موضوعى
مصطلح موضوعي PHYSICS
650 04 - المدخل الاضافى بالموضوع-مصطلح موضوعى
مصطلح موضوعي POWER ELECTRONICS
650 04 - المدخل الاضافى بالموضوع-مصطلح موضوعى
مصطلح موضوعي CURRENT CIRCUIT
942 ## - عناصر المدخل الإضافي( كوها)
مصدر التصنيف او مخطط الترفيف Dewey Decimal Classification
Koha [default] item type كتاب
260 ## - PUBLICATION, DISTRIBUTION, ETC. (IMPRINT)
-- [S.N] :
-- CHAPMAN & HALL ،
Holdings
حالة التراجع حالة الفقد حالة تلف ليس للاعارة المكان المؤقت الموقع الحالى تاريخ الاكتساب اجمالي اﻻعارات رقم الطلب الباركود تاريخ اخر مشاهدة تاريخ تفعيل السعر نوع وعاء كوها
        مكتبة القاهرة الكبرى مكتبة القاهرة الكبرى 03/26/2014   537.61\B P 29289 03/26/2014 03/26/2014 كتاب

Powered By

EGPV